Our national monuments America's Hidden Gems / (ระเบียนเลขที่ 104011)
| 000 -LEADER | |
|---|---|
| fixed length control field | 01881nam a22002537a 4500 |
| 003 - CONTROL NUMBER IDENTIFIER | |
| control field | NALT |
| 005 - DATE AND TIME OF LATEST TRANSACTION | |
| control field | 20240314095530.0 |
| 008 - FIXED-LENGTH DATA ELEMENTS--GENERAL INFORMATION | |
| fixed length control field | 231206b th ||||| |||| 00| 0 eng d |
| 020 ## - INTERNATIONAL STANDARD BOOK NUMBER | |
| International Standard Book Number | 9781733576079 |
| 040 ## - CATALOGING SOURCE | |
| Original cataloging agency | NALT |
| 050 ## - LIBRARY OF CONGRESS CALL NUMBER | |
| Classification number | QH 76 |
| Item number | L86O 2021 |
| 100 1# - MAIN ENTRY--PERSONAL NAME | |
| 9 (RLIN) | 62280 |
| Personal name | Jewell, Sally |
| 245 10 - TITLE STATEMENT | |
| Title | Our national monuments America's Hidden Gems / |
| Statement of responsibility, etc. | QT Luong ; foreword by Sally Jewell ; Marine National Monuments text and photographs by Ian Shive ; with contributions from 27 citizen organizations protecting our public lands and waters at risk. |
| 250 ## - EDITION STATEMENT | |
| Edition statement | First edition |
| 260 ## - PUBLICATION, DISTRIBUTION, ETC. | |
| Place of publication, distribution, etc. | California : |
| Name of publisher, distributor, etc. | Terra galleria press, |
| Date of publication, distribution, etc. | 2021. |
| 300 ## - PHYSICAL DESCRIPTION | |
| Extent | 307 p. : |
| Other physical details | ill. ; |
| Dimensions | 26 cm. |
| 505 0# - FORMATTED CONTENTS NOTE | |
| Formatted contents note | FOREWORD by Sally Jewell --<br/>INTRODUCTION --<br/>MAINE --<br/>Katahdin Woods and Waters --<br/>MONTANA --<br/>Upper Missouri River Breaks --<br/>WASHINGTON --<br/>Hanford Reach --<br/>IDAHO --<br/>Craters of the Moon --<br/>OREGON --<br/>Cascade-Siskiyou --<br/>CALIFORNIA --<br/>Berryessa Snow Mountain --<br/>Giant Sequoia --<br/>Carrizo Plain --<br/>San Gabriel Mountains --<br/>Sand to Snow --<br/>Mojave Trails --<br/>NEVADA --<br/>Basin and Range --<br/>Gold Butte --<br/>UTAH --<br/>Bears Ears --<br/>Grand Staircase-Escalante --<br/>COLORADO --<br/>Canyons of the Ancients --<br/>ARIZONA --<br/>Vermilion Cliffs --<br/>Grand Canyon-Parashant --<br/>Sonoran Desert –<br/>Ironcood Forest --<br/>NEW MEXICO --<br/>Rio Grande del Norte --<br/>Organ Mountains-Desert Peaks --<br/>MARINE NATIONAL MONUMEN TS --<br/>Papahanaumokuakea --<br/>Pacific Remote Islands --<br/>Rose Atoll- --<br/>Mariana Trench --<br/>Northeast Canyons and Seamounts --<br/>AFTERWORD --<br/>ACKNOWLEDGMENTS --<br/>COLOPHON.<br/> |
| 650 #0 - SUBJECT ADDED ENTRY--TOPICAL TERM | |
| Topical term or geographic name entry element | National monuments |
| Geographic subdivision | United States |
| 9 (RLIN) | 63279 |
| 650 #0 - SUBJECT ADDED ENTRY--TOPICAL TERM | |
| Topical term or geographic name entry element | Natural monuments |
| Geographic subdivision | United States |
| 9 (RLIN) | 63280 |
| 942 ## - ADDED ENTRY ELEMENTS (KOHA) | |
| Koha item type | General Book |
| Source of classification or shelving scheme | Library of Congress Classification |
| 996 ## - STAFF PROCESSING RECORDS (NALT) | |
| Staff name | chunbijaya.r |
| Staff type | CATSTF |
| Acquisition or Cataloging date | 2023-12-06 |
| 996 ## - STAFF PROCESSING RECORDS (NALT) | |
| Staff name | jamriang.p |
| Staff type | CATSTF |
| Acquisition or Cataloging date | 2024-03-07 |
| 998 ## - STAFF NAME (NALT) | |
| -- | 1524 |
| -- | นางสาวศรัณย์ภร ชำนาญป่า |
| Withdrawn status | Lost status | Source of classification or shelving scheme | Damaged status | Not for loan | Collection code | Home library | Current library | Shelving location | Date acquired | Total Checkouts | Full call number | Barcode | Date last seen | Price effective from | Koha item type |
|---|---|---|---|---|---|---|---|---|---|---|---|---|---|---|---|
| Library of Congress Classification | General Book collection | National Assembly Library of Thailand | National Assembly Library of Thailand | General Book shelves | 06/12/2023 | QH 76 L86O 2021 | 3961223943 | 15/03/2024 | 06/12/2023 | General Book |
